000 00776nam a2200193 i 4500
001 23718
003 ES-MaACL
005 20250927063033.0
007 t|
008 021212s1947 sp ||||1| spa d
100 1 _aAmengual, Bartolomé,
_d1866-1961
_921197
245 1 4 _aLas enseñanzas mercantiles
_b: trabajos en pro de su enaltecimiento, mejora y mayor difusión /
_cpor Bartolomé Amengual.
260 _aBarcelona :
_b[s.n.,
_c1947] (
_fSociedad Alianza de Artes Gráficas)
300 _a250 p., 6 lám. ;
_c20 cm.
500 _aPrecede a tít.: Cámara Oficial de Comercio y Navegación de Barcelona.
710 2 _aCámara Oficial de Comercio, Industria y Navegación de Barcelona.
_92390
852 _aES-MaACL
_jC-4821
_bR.25370
999 _c23718
_d23718